00376nam a2200157Ia 4500003000400000005001700004008004100021040000700062041000800069082001900077100002300096245002900119260004500148300001300193365001200206OSt20230510094422.0210423s1982 xx 000 0 und d cAL aeng a301 223bSHAP aSHARMA (Ram Nath). aPrinciples of sociology. aBombaybMedia Promoters Publishersc1982 av,26bPB b75cINR